Avion /

Guardado en:
Detalles Bibliográficos
Autores principales: Haberlandová, Katarína 1973- (Autor), Ľubica Voľanská (Autor)
Otros Autores: Nosková, Jana (Revisador), Hnídková, Vendula (Revisador)
Formato: Libro
Lenguaje:eslovaco
Publicado: Bratislava : Čierne diery, o.z., Ústav etnológie a sociálnej antropológie SAV v. v. i., Historický ústav SAV. v. v. i., 2025
Edición:1. vydanie
Materias:
Etiquetas: Agregar Etiqueta
Sin Etiquetas, Sea el primero en etiquetar este registro!

MARC

LEADER 00000nam a22000003a 4500
001 0140088
003 SK-STU
005 20260212154135.0
007 ta
008 260212s ----xo-----e------000-0-----d
020 |a 978-80-69103-05-4 
040 |a STU  |b slo 
041 0 |a slo 
044 |a xo 
100 1 |a Haberlandová, Katarína  |d 1973-  |4 aut  |X 65226  |7 65226 
245 1 0 |a Avion /  |c aut. Katarína Haberlandová, Ľubica Voľanská ; rec. Jana Nosková, Vendula Hnídková 
250 |a 1. vydanie 
260 |a Bratislava :  |b Čierne diery, o.z., Ústav etnológie a sociálnej antropológie SAV v. v. i., Historický ústav SAV. v. v. i.,  |c 2025 
300 |a 402 s. 
650 0 7 |a obytný dom Avion, Bratislava 
650 0 7 |a obytné budovy 
650 0 7 |a 20. storočie 
650 0 7 |a Bratislava 
650 0 7 |a architektúra 
650 0 7 |a kvalita života 
650 0 7 |a dejiny Bratislavy 
650 0 7 |a Marek, Josef 
700 1 |a Ľubica Voľanská  |r Z5  |4 aut 
700 1 |a Nosková, Jana  |4 rev 
700 1 |a Hnídková, Vendula  |4 rev 
996 |b 284AU10607  |c A* 13781/U  |l AAKNST  |s P  |a 0  |w 0140088_0001